000 01074pam a2200289 a 4500
001 444656
003 ARRUPE
005 20141009180113.0
008 821220s1983 enk b 001 0 eng
010 _a 82023628
020 _a0521250854 (U.S.) :
_c$20.00 (est.)
020 _a0521271991 (U.S. : pbk.) :
_c$6.95 (est.)
040 _aDLC
_cDLC
_dDLC
050 0 0 _aB3309.M24
_bL35 1983
082 0 0 _a160/.92/4
_219
100 1 _aLambert, Karel,
_d1928-
_912125
245 1 0 _aMeinong and the principle of independence :
_bits place in Meinong's theory of objects and its significance in contemporary philosophical logic /
_cKarel Lambert.
260 _aCambridge [Cambridgeshire] ;
_aNew York :
_bCambridge University Press,
_c1983.
300 _axvi, 175 p. ;
_c22 cm.
440 0 _aModern European philosophy
_912126
500 _aIncludes index.
504 _aBibliography: p. 165-169.
600 1 0 _aMeinong, A.
_q(Alexius),
_d1853-1920.
_912127
650 0 _aLogic
_xHistory.
_912128
906 _a7
_bcbc
_corignew
_d1
_eocip
_f19
_gy-gencatlg
942 _2lcc
_cMONOGRAPH
999 _c121107
_d121107